[Event "Pankrac Cup 2016"]
[Site "Prague CZE"]
[Date "2016.10.04"]
[Round "3.2"]
[White "Carlsson, Pontus"]
[Black "Studnicka, Tomas"]
[Result "1-0"]
[WhiteTitle "GM"]
[BlackTitle "IM"]
[WhiteElo "2436"]
[BlackElo "2328"]
[WhiteFideId "1705814"]
[BlackFideId "318949"]
[EventDate "2016.09.20"]

1. e4 c5 2. Nf3 g6 3. d4 cxd4 4. Nxd4 Bg7 5. Nc3 Nc6 6. Be3 Nf6 7. Bc4 Qa5 8.
O-O O-O 9. Bb3 d6 10. h3 Bd7 11. Re1 Rfe8 12. Qd3 Rac8 13. Rad1 a6 14. f4 Rcd8
15. Qf1 Qc7 16. Nf3 Be6 17. Bxe6 fxe6 18. Ng5 Qd7 19. Na4 Nb4 20. Nc5 Qb5 21. c4
Qc6 22. Ncxe6 Rc8 23. Nxg7 Kxg7 24. e5 Nc2 25. Ne6+ Kg8 26. exf6 Nxe1 27. f7+
Kxf7 28. Ng5+ Kg8 29. Qxe1 h6 30. Ne6 Qxc4 31. Bd4 Kf7 32. Ng7 Rg8 33. b3 Qd5
34. Ba1 Qc5+ 35. Bd4 Qd5 36. Ba1 Qc5+ 37. Kh2 Qc2 38. Rd2 Qc1 39. Qe6+ Kf8 40.
Qxg6 e5 41. Qf6# 1-0

[Event "Pankrac Cup 2016"]
[Site "Prague CZE"]
[Date "2016.10.04"]
[Round "3.3"]
[White "Rydl, Jiri"]
[Black "Kulhanek, Tomas"]
[Result "1-0"]
[WhiteTitle "FM"]
[BlackTitle "IM"]
[WhiteElo "2394"]
[BlackElo "2375"]
[WhiteFideId "346390"]
[BlackFideId "309656"]
[EventDate "2016.09.20"]

1. Nf3 d6 2. d4 Bg4 3. c4 Nd7 4. Nc3 e5 5. g3 Ngf6 6. Bg2 c6 7. O-O Be7 8. h3
Bh5 9. Nh4 O-O 10. Nf5 Re8 11. d5 c5 12. g4 Bg6 13. Ng3 h5 14. e3 hxg4 15. hxg4
Nh7 16. f4 exf4 17. exf4 Bh4 18. Qf3 Nhf6 19. Bd2 Bxg3 20. Qxg3 Ne4 21. Bxe4
Bxe4 22. Rae1 Bc2 23. Rxe8+ Qxe8 24. Rf2 Qe7 25. Qh3 Bh7 26. Rh2 Nf8 27. f5 Qe5
28. Qd3 a6 29. Re2 Qf6 30. Bf4 Nd7 31. Ne4 Qh4 32. Qg3 Qxg3+ 33. Bxg3 Re8 34.
Kf1 g6 35. Nxd6 Rxe2 36. Kxe2 gxf5 37. gxf5 Kg7 38. Kf3 Kf6 39. Kf4 b6 40. Bh4+
Kg7 41. Bd8 f6 42. Ke4 Kh6 43. Kf4 Kg7 44. b3 Bg8 45. a4 Bf7 46. Nxf7 Kxf7 47.
Bc7 Ke8 48. Ke4 1-0

[Event "Pankrac Cup 2016"]
[Site "Prague CZE"]
[Date "2016.10.04"]
[Round "3.4"]
[White "Cernousek, Lukas"]
[Black "Matras, Ondrej"]
[Result "1/2-1/2"]
[WhiteTitle "IM"]
[BlackTitle "FM"]
[WhiteElo "2494"]
[BlackElo "2241"]
[WhiteFideId "311707"]
[BlackFideId "309125"]
[EventDate "2016.09.20"]

1. e4 e6 2. d4 d5 3. Nc3 Bb4 4. e5 c5 5. a3 Ba5 6. b4 cxd4 7. Qg4 Ne7 8. bxa5
dxc3 9. Qxg7 Rg8 10. Qxh7 Nbc6 11. Nf3 Qc7 12. Bf4 Bd7 13. a6 b6 14. Bg3 O-O-O
15. Bd3 Rdf8 16. Qh6 Na5 17. Qf4 Nc4 18. O-O Qc5 19. h4 Ng6 20. Qf6 Nh8 21. Bf4
Bc6 22. h5 Rg4 23. Nh2 Rgg8 24. Bh7 d4 25. g4 Rd8 26. Bxg8 Rxg8 27. g5 Be4 28.
Ra2 Nxa3 29. Rc1 Nxc2 30. Raxc2 Bxc2 31. Rxc2 Rd8 32. Nf1 d3 33. Rc1 Qd4 34. Be3
Qg4+ 35. Ng3 c2 36. Qf4 Qd1+ 37. Kg2 Kb8 38. Nf1 Qxh5 39. Qf3 Qxf3+ 40. Kxf3 Ng6
41. Ke4 Ne7 42. Bd2 Nc6 43. Bc3 b5 44. Nd2 Kc7 45. Nb3 Kb6 46. Nd2 Kxa6 47. Rh1
Kb6 48. f4 a5 49. f5 a4 50. fxe6 fxe6 51. g6 a3 52. g7 Rg8 53. Kxd3 Rxg7 54.
Kxc2 b4 55. Ba1 Rg2 56. Kd3 Kc5 57. Ne4+ Kb5 58. Rc1 b3 59. Nd6+ Kb6 60. Nc4+
Kc7 61. Na5 b2 62. Bxb2 axb2 63. Rxc6+ Kd7 64. Rb6 Kc7 65. Rb7+ Kc8 66. Rb5 Kc7
67. Kd4 Rd2+ 68. Ke4 Rd5 69. Rb7+ Kc8 70. Rxb2 Rxa5 71. Rd2 Rd5 72. Ra2 Rb5 73.
Kf4 Kd7 74. Ra7+ Ke8 75. Rh7 Ra5 76. Rb7 Rc5 77. Rb1 Ra5 78. Re1 Ke7 79. Kg5 Rb5
80. Kg6 1/2-1/2

[Event "Pankrac Cup 2016"]
[Site "Prague CZE"]
[Date "2016.10.04"]
[Round "3.5"]
[White "Gregor, Jiri"]
[Black "Svoboda, Svatopluk"]
[Result "0-1"]
[WhiteTitle "FM"]
[BlackTitle "FM"]
[WhiteElo "2219"]
[BlackElo "2441"]
[WhiteFideId "304638"]
[BlackFideId "14903563"]
[EventDate "2016.09.20"]

1. d4 e6 2. Nf3 f5 3. c4 Nf6 4. Nc3 Bb4 5. Qc2 b6 6. e3 Bb7 7. Bd3 O-O 8. Bd2 d6
9. O-O-O Bxc3 10. Bxc3 Ne4 11. Be1 Nd7 12. Rg1 Qf6 13. Nd2 Nxd2 14. Rxd2 Qh6 15.
h3 f4 16. exf4 Rxf4 17. Kb1 e5 18. Bf5 Rf8 19. Bd3 Rxd4 20. f3 Nc5 21. Bf5 Rxf5
22. Rxd4 exd4 23. Qxf5 Qe3 24. Rh1 Nd3 25. Bh4 Qe2 26. Qb5 Bc6 27. Qb3 Ba4 28.
Qa3 Qxg2 29. Rc1 Bc2+ 30. Ka1 Nxc1 31. Qxa7 Nb3+ 0-1

[Event "Pankrac Cup 2016"]
[Site "Prague CZE"]
[Date "2016.10.04"]
[Round "3.6"]
[White "Sodoma, Jan"]
[Black "Hosticka, Frantisek"]
[Result "1/2-1/2"]
[WhiteTitle "IM"]
[WhiteElo "2346"]
[BlackElo "2184"]
[WhiteFideId "323195"]
[BlackFideId "302295"]
[EventDate "2016.09.20"]

1. d4 Nf6 2. c4 e6 3. Nc3 Bb4 4. Qc2 c5 5. dxc5 Na6 6. a3 Qa5 7. Bd2 Nxc5 8. Rd1
Bxc3 9. Bxc3 Qa4 10. Qxa4 Nxa4 11. Be5 b6 12. f3 Ba6 13. e4 Rc8 14. b3 Nc5 15.
b4 Na4 16. b5 Bb7 17. Bd6 Kd8 18. Nh3 Ne8 19. Bb4 f6 20. Nf4 Kc7 21. h4 e5 22.
Nh5 d6 23. Nxg7 Nxg7 24. Bxd6+ Kd7 25. Bf8+ Ke6 26. Bxg7 Rhg8 27. Bh6 Nb2 28.
Rc1 Rgd8 29. Rc3 Rd1+ 30. Ke2 Ra1 31. g3 Ke7 32. Bc1 Nxc4 33. Bh3 Rc5 34. Rd1
Ra2+ 35. Kf1 Bc8 36. Bxc8 Rxc8 37. Rcd3 Rc7 38. g4 Rc2 39. Kg1 Nb2 40. Bxb2 Rxb2
41. R1d2 1/2-1/2

[Event "Pankrac Cup 2016"]
[Site "Prague CZE"]
[Date "2016.10.04"]
[Round "3.8"]
[White "Vokoun, Jan"]
[Black "Vyprachticky, David"]
[Result "1/2-1/2"]
[WhiteTitle "FM"]
[WhiteElo "2119"]
[BlackElo "2279"]
[WhiteFideId "301647"]
[BlackFideId "346209"]
[EventDate "2016.09.20"]

1. Nf3 Nf6 2. d4 d5 3. Bf4 e6 4. e3 c5 5. c3 Nc6 6. Nbd2 Bd6 7. Bg3 O-O 8. Bd3
a5 9. Qe2 Re8 10. dxc5 Bxc5 11. e4 dxe4 12. Nxe4 Nxe4 13. Bxe4 Qe7 14. O-O Rd8
15. Rad1 Bd7 16. Bc2 Be8 17. Qe4 f5 18. Qh4 Qxh4 19. Bxh4 Rxd1 20. Rxd1 f4 21.
Nd4 Nxd4 22. cxd4 Bb6 23. Bg5 Bc7 24. g3 fxg3 25. hxg3 Bc6 26. Rc1 h6 27. Be3
Kf7 28. Bb3 a4 29. Bc4 Bb6 30. f4 Bd5 31. Kf2 Ke7 32. Bxd5 exd5 33. g4 Re8 34.
Rc3 Ra8 35. Kf3 Kd7 36. f5 Rc8 37. Rxc8 Kxc8 38. g5 hxg5 39. Kg4 Kd7 40. Kxg5
Bd8+ 41. Kf4 Bf6 42. Kf3 Ke7 43. Kg4 Kd7 44. Kf3 Ke7 1/2-1/2

[Event "Pankrac Cup 2016"]
[Site "Prague CZE"]
[Date "2016.10.04"]
[Round "3.9"]
[White "Svatos, Jan"]
[Black "Starek, Stanislav"]
[Result "1/2-1/2"]
[WhiteElo "2256"]
[BlackElo "2172"]
[WhiteFideId "304174"]
[BlackFideId "349844"]
[EventDate "2016.09.20"]

1. e4 g6 2. d4 Bg7 3. Nc3 d6 4. Be3 c6 5. Qd2 Nf6 6. f3 Nbd7 7. Nge2 Qc7 8. Bh6
O-O 9. h4 e5 10. h5 Bxh6 11. Qxh6 b5 12. g4 exd4 13. Nxd4 Ne5 14. Be2 d5 15.
O-O-O b4 16. g5 Nfg4 17. fxg4 bxc3 18. hxg6 fxg6 19. Qh2 Rf7 1/2-1/2

[Event "Pankrac Cup 2016"]
[Site "Prague CZE"]
[Date "2016.10.04"]
[Round "3.10"]
[White "Istona, Martin"]
[Black "Soural, Jan"]
[Result "0-1"]
[WhiteTitle "FM"]
[WhiteElo "2183"]
[BlackElo "2180"]
[WhiteFideId "14923475"]
[BlackFideId "311928"]
[EventDate "2016.09.20"]

1. e4 c5 2. Nf3 e6 3. d4 cxd4 4. Nxd4 Nc6 5. Nc3 Qc7 6. f4 a6 7. Nxc6 Qxc6 8.
Bd3 b5 9. Qe2 Bb7 10. Bd2 Bc5 11. O-O-O Ne7 12. a3 O-O-O 13. Kb1 g6 14. Rhe1 f5
15. g3 Rhe8 16. e5 Qf3 17. Na2 Qxe2 18. Bxe2 d5 19. exd6 Rxd6 20. Bb4 Bxb4 21.
Nxb4 Rxd1+ 22. Bxd1 Kd7 23. Nd3 Kd6 24. Kc1 Bd5 25. b4 Nc6 26. c3 e5 27. fxe5+
Nxe5 28. Nxe5 Rxe5 29. Rxe5 Kxe5 30. Kd2 Ke4 31. Be2 Bb3 32. Ke1 Ke3 33. h4 h6
34. h5 g5 35. Bf1 f4 36. gxf4 gxf4 37. Bh3 f3 38. Bf1 f2# 0-1

[Event "Pankrac Cup 2016"]
[Site "Prague CZE"]
[Date "2016.10.04"]
[Round "3.11"]
[White "Smutny, Jan"]
[Black "Prochazka, Dalibor"]
[Result "1-0"]
[WhiteElo "2163"]
[BlackElo "2148"]
[WhiteFideId "310930"]
[BlackFideId "310352"]
[EventDate "2016.09.20"]

1. e4 Nf6 2. e5 Nd5 3. d4 d6 4. Nf3 Bg4 5. Be2 e6 6. O-O Be7 7. c4 Nb6 8. exd6
cxd6 9. b3 Bf6 10. Bb2 Nc6 11. a4 a5 12. Na3 O-O 13. Nb5 Bxf3 14. Bxf3 d5 15.
Rc1 Qd7 16. c5 Nc8 17. Be2 N8e7 18. f4 Rfb8 19. g4 h6 20. Bd3 b6 21. g5 hxg5 22.
fxg5 Bxg5 23. Qh5 Be3+ 24. Kh1 f5 25. Rce1 g6 26. Qh4 f4 27. Qg5 Rf8 28. Bxg6
Nxg6 29. Qxg6+ Qg7 30. Qxe6+ Kh8 31. Rf3 Qg5 32. Rh3+ Kg7 33. Qxc6 f3 34. Qc7+
Rf7 35. Rh7+ Kxh7 36. Qxf7+ Kh8 37. Qxf3 Rg8 38. Qh3+ 1-0

[Event "Pankrac Cup 2016"]
[Site "Prague CZE"]
[Date "2016.10.04"]
[Round "3.12"]
[White "Dobes, Vojtech"]
[Black "Smid, Miroslav"]
[Result "1-0"]
[WhiteElo "2220"]
[BlackElo "2214"]
[WhiteFideId "333913"]
[BlackFideId "318906"]
[EventDate "2016.09.20"]

1. e4 e5 2. Nf3 Nc6 3. Bb5 g6 4. O-O Bg7 5. c3 Nge7 6. d4 exd4 7. cxd4 d5 8.
exd5 Nxd5 9. Re1+ Be6 10. Ne5 O-O 11. Nxc6 bxc6 12. Bxc6 Rb8 13. Nc3 Rb4 14.
Bxd5 Bxd5 15. Be3 Rxb2 16. Rb1 Rxb1 17. Qxb1 Ba8 18. Qb4 f5 19. Qc4+ Kh8 20. d5
a6 21. Bd4 Bb7 22. Rb1 Re8 23. h4 Ba8 24. h5 gxh5 25. Bxg7+ Kxg7 26. Qxa6 Bxd5
27. Rd1 Qa8 28. Qd3 Be6 29. Qg3+ Kf6 30. Qh4+ Kg6 31. Ne2 Qe4 32. Nf4+ Kf7 33.
Qxh5+ Kf8 34. Qh6+ Kg8 35. Nh5 1-0

[Event "Pankrac Cup 2016"]
[Site "Prague CZE"]
[Date "2016.10.11"]
[Round "4.2"]
[White "Rydl, Jiri"]
[Black "Vykouk, Jan"]
[Result "1-0"]
[WhiteTitle "FM"]
[BlackTitle "FM"]
[WhiteElo "2394"]
[BlackElo "2428"]
[WhiteFideId "346390"]
[BlackFideId "349658"]
[EventDate "2016.09.20"]

1. e4 c5 2. Nf3 d6 3. c3 Nf6 4. Bd3 Nc6 5. h3 Ne5 6. Bc2 Nxf3+ 7. Qxf3 g6 8. O-O
Bg7 9. d4 Nd7 10. Rd1 O-O 11. Qe2 Qc7 12. Bg5 Re8 13. Bb3 Rb8 14. Na3 b5 15.
Nxb5 Qa5 16. a4 a6 17. Qf3 Nf6 18. Bxf6 Bxf6 19. e5 Bb7 20. Qf4 axb5 21. axb5
Qc7 22. exf6 c4 23. Ba4 Qb6 24. d5 exf6 25. Qxc4 Re5 26. Qd4 Qd8 27. c4 Qe7 28.
Bc2 Kg7 29. Ra7 Re2 30. Bd3 Re1+ 31. Rxe1 Qxe1+ 32. Bf1 Qb1 33. Qe3 Ba8 34. Qe7
Rf8 35. b6 1-0

[Event "Pankrac Cup 2016"]
[Site "Prague CZE"]
[Date "2016.10.11"]
[Round "4.3"]
[White "Svoboda, Svatopluk"]
[Black "Studnicka, Tomas"]
[Result "1-0"]
[WhiteTitle "FM"]
[BlackTitle "IM"]
[WhiteElo "2441"]
[BlackElo "2328"]
[WhiteFideId "14903563"]
[BlackFideId "318949"]
[EventDate "2016.09.20"]

1. e4 c5 2. Nf3 g6 3. d4 cxd4 4. Qxd4 Nf6 5. Nc3 Nc6 6. Qa4 d6 7. e5 dxe5 8.
Nxe5 Qd4 9. Nxc6 Qxa4 10. Nxa4 bxc6 11. Bc4 Bg7 12. Bd2 Ne4 13. Be3 Nd6 14. Bd3
Be6 15. O-O-O Nc4 16. Bc5 Nb6 17. Be4 Bd5 18. Bxd5 cxd5 19. Bxb6 axb6 20. Nxb6
Rxa2 21. Nxd5 e6 22. Nc3 Bxc3 23. bxc3 Ke7 24. Rhe1 g5 25. Rd4 h5 26. Kd2 g4 27.
Rb1 e5 28. Rb7+ Ke6 29. Rdd7 f6 30. c4 h4 31. Rh7 Rc8 32. Kc3 g3 33. f3 Ra1 34.
Rb6+ Kf5 35. Rxh4 Rg1 36. hxg3 Rxg2 37. Rh6 Rf8 38. g4+ Kg5 39. Rh5+ Kg6 40.
Rxe5 1-0

[Event "Pankrac Cup 2016"]
[Site "Prague CZE"]
[Date "2016.10.11"]
[Round "4.4"]
[White "Starek, Stanislav"]
[Black "Cernousek, Lukas"]
[Result "0-1"]
[BlackTitle "IM"]
[WhiteElo "2172"]
[BlackElo "2494"]
[WhiteFideId "349844"]
[BlackFideId "311707"]
[EventDate "2016.09.20"]

1. d4 Nf6 2. c4 g6 3. f3 c5 4. d5 d6 5. e4 Bg7 6. Ne2 e6 7. Nec3 Nh5 8. Be3 exd5
9. cxd5 f5 10. exf5 gxf5 11. Qd2 O-O 12. Be2 Nd7 13. O-O Ne5 14. a4 f4 15. Bf2
Bf5 16. Na3 Qf6 17. Nc4 Qg6 18. Nxe5 Bxe5 19. Rfe1 Ng3 20. Bc4 Rae8 21. Bxc5
dxc5 22. Rxe5 Rxe5 23. Qxf4 Qd6 24. Qxg3+ Kh8 25. Re1 Rfe8 26. Rxe5 Rxe5 27. Nb5
Qe7 28. h3 a6 29. d6 Qg7 30. Qxg7+ Kxg7 31. Nc7 Re1+ 32. Kf2 Rd1 33. Ke2 Rd4 34.
b3 Kf6 35. f4 Be4 36. g4 Bc6 37. g5+ Kf5 38. Bd3+ Be4 39. Bc4 Bc6 40. Bd3+ Be4
41. Bc4 Rxd6 42. Ke3 Bc6 43. Bg8 Kg6 44. Ne6 Bd5 45. Nf8+ Kg7 46. Bxd5 Rxd5 47.
Ne6+ Kf7 48. Nc7 Rd7 49. Na8 Ke6 50. Nb6 Rd4 51. Nc8 Rd8 52. Nb6 Kf5 53. h4 Rd4
54. Nc8 Re4+ 0-1

[Event "Pankrac Cup 2016"]
[Site "Prague CZE"]
[Date "2016.10.11"]
[Round "4.5"]
[White "Kulhanek, Tomas"]
[Black "Vokoun, Jan"]
[Result "1/2-1/2"]
[WhiteTitle "IM"]
[BlackTitle "FM"]
[WhiteElo "2375"]
[BlackElo "2119"]
[WhiteFideId "309656"]
[BlackFideId "301647"]
[EventDate "2016.09.20"]

1. e4 c5 2. Be2 Nc6 3. f4 g6 4. Nf3 Bg7 5. d3 d6 6. O-O Nf6 7. c3 O-O 8. Kh1 Rb8
9. Be3 b5 10. a3 a5 11. Nbd2 b4 12. d4 bxc3 13. bxc3 cxd4 14. cxd4 d5 15. e5 Ne8
16. Rc1 Rb6 17. Nb3 Bg4 18. Nc5 Qa8 19. h3 Bc8 20. Na4 Rb8 21. Qc2 Nd8 22. Nc5
Nc7 23. Nd7 Bxd7 24. Qxc7 Rb7 25. Qc5 e6 26. Qd6 Qa7 27. Rb1 Re8 28. Rxb7 Qxb7
29. Qa6 Qxa6 30. Bxa6 Bf8 1/2-1/2

[Event "Pankrac Cup 2016"]
[Site "Prague CZE"]
[Date "2016.10.11"]
[Round "4.6"]
[White "Postupa, Pavel2"]
[Black "Sodoma, Jan"]
[Result "0-1"]
[BlackTitle "IM"]
[WhiteElo "2216"]
[BlackElo "2346"]
[WhiteFideId "326410"]
[BlackFideId "323195"]
[EventDate "2016.09.20"]

1. e4 e5 2. Nf3 Nc6 3. Bb5 a6 4. Ba4 Nf6 5. O-O Be7 6. Re1 b5 7. Bb3 d6 8. c3
O-O 9. h3 Na5 10. Bc2 c5 11. d4 Qc7 12. Nbd2 cxd4 13. cxd4 Nc6 14. Nb3 a5 15. d5
Nb4 16. Bb1 a4 17. Nbd2 Bd7 18. a3 Na6 19. Bd3 Nc5 20. Bf1 Qa7 21. Re3 Bd8 22.
Nh2 g6 23. Be2 Ne8 24. b4 axb3 25. Nxb3 Na4 26. Qf1 Rb8 27. Rg3 f5 28. exf5 Bxf5
29. Bh6 Rf7 30. Ng4 Qb7 31. Ne3 Bd7 32. Rc1 Nf6 33. Bd3 e4 34. Be2 Nxd5 35. Nxd5
Qxd5 36. Rd1 Qe5 37. Be3 Nc3 38. Rd2 Qxg3 39. fxg3 Rxf1+ 40. Bxf1 Be7 41. Bd4
Nb1 42. Rc2 Bd8 43. Bb2 Bb6+ 44. Kh2 Be6 45. Nd4 Bxd4 46. Bxd4 Nxa3 47. Rc7 Bf7
48. Ba7 Re8 49. Be2 Bc4 50. Bxc4+ Nxc4 51. Kg1 e3 52. Kf1 e2+ 53. Ke1 Re4 54.
Bf2 b4 55. Rb7 Ne5 56. Kd2 h5 57. Be1 Kf8 58. Kc2 Nc6 59. Kd3 d5 60. Rb5 Re5 61.
Rb6 Re6 62. Rb5 d4 63. Rb7 Ke8 64. g4 hxg4 65. hxg4 Kd8 66. Kd2 Kc8 67. Rb5 Re4
68. g5 Kd7 69. Bg3 Ke6 70. Rc5 Ne5 71. Be1 d3 72. Bg3 b3 73. Rb5 b2 74. Rxb2
e1=Q+ 75. Bxe1 Re2+ 0-1

[Event "Pankrac Cup 2016"]
[Site "Prague CZE"]
[Date "2016.10.11"]
[Round "4.9"]
[White "Hosticka, Frantisek"]
[Black "Svatos, Jan"]
[Result "0-1"]
[WhiteElo "2184"]
[BlackElo "2256"]
[WhiteFideId "302295"]
[BlackFideId "304174"]
[EventDate "2016.09.20"]

1. e4 c5 2. Nf3 e6 3. d4 cxd4 4. Nxd4 a6 5. Bd3 Qc7 6. c4 Nc6 7. Nxc6 dxc6 8.
O-O e5 9. Be3 Nf6 10. f3 Nd7 11. Kh1 Bc5 12. Bd2 Nf8 13. Nc3 Ne6 14. Rc1 Nf4 15.
Bb1 g5 16. b4 Bxb4 17. Nb5 axb5 18. Bxb4 c5 19. cxb5 b6 20. a4 Be6 21. a5 Qb8
22. Bd2 bxa5 23. Rxc5 O-O 24. Qa4 Qd6 25. Be3 f6 26. Rc6 Qb4 27. Qxb4 axb4 28.
Bxf4 Bd7 29. Be3 Bxc6 30. bxc6 Rfc8 31. Rc1 Ra3 32. Bd2 Ra6 33. Kg1 Raxc6 34.
Rxc6 Rxc6 35. Kf2 b3 36. Ke2 Kg7 37. Kd3 Rc8 38. Bc3 Rd8+ 39. Kc4 Rd1 40. Bd3 h5
41. g3 Kg8 42. f4 gxf4 43. gxf4 exf4 44. Bxf6 f3 45. e5 Rxd3 0-1

[Event "Pankrac Cup 2016"]
[Site "Prague CZE"]
[Date "2016.10.11"]
[Round "4.10"]
[White "Matras, Ondrej"]
[Black "Smutny, Jan"]
[Result "1-0"]
[WhiteTitle "FM"]
[WhiteElo "2241"]
[BlackElo "2163"]
[WhiteFideId "309125"]
[BlackFideId "310930"]
[EventDate "2016.09.20"]

1. d4 Nf6 2. c4 e6 3. Nc3 b6 4. Bg5 Bb7 5. e3 Be7 6. Nf3 d6 7. Be2 Nbd7 8. O-O
O-O 9. b4 Ne4 10. Nxe4 Bxe4 11. Bxe7 Qxe7 12. Nd2 Bb7 13. Bf3 Bxf3 14. Qxf3 c5
15. b5 cxd4 16. exd4 Qf6 17. Qc6 Rfd8 18. Ne4 Qxd4 19. Rad1 Qb2 20. Rd2 Qb4 21.
Rxd6 Nf6 22. Nxf6+ gxf6 23. Rxd8+ Rxd8 24. Qc7 Rd2 25. Qxa7 Qxc4 26. Qxb6 Rb2
27. Qb8+ Kg7 28. Qg3+ Kf8 29. Rd1 Rd2 30. Qa3+ 1-0

[Event "Pankrac Cup 2016"]
[Site "Prague CZE"]
[Date "2016.10.11"]
[Round "4.11"]
[White "Vanek, Tomas"]
[Black "Istona, Martin"]
[Result "0-1"]
[BlackTitle "FM"]
[WhiteElo "2174"]
[BlackElo "2183"]
[WhiteFideId "313459"]
[BlackFideId "14923475"]
[EventDate "2016.09.20"]

1. e3 c5 2. b3 Nf6 3. Bb2 g6 4. g4 Bg7 5. Bg2 Nc6 6. f4 d6 7. g5 Nh5 8. Nc3 e5
9. Nd5 Be6 10. Ne2 Qd7 11. O-O O-O-O 12. fxe5 dxe5 13. c4 h6 14. Nec3 hxg5 15.
Ne4 Bf8 16. Nxg5 f5 17. a3 Bd6 18. b4 e4 19. bxc5 Be5 20. Bxe5 Nxe5 21. Nxe6
Qxe6 22. d4 Nxc4 23. Nb4 Nxe3 24. Qe2 Nxg2 25. Qxg2 Rxd4 26. c6 b6 27. Rac1 Qd6
28. Qe2 Rd2 29. Rcd1 Qc5+ 30. Qf2 Rxf2 31. Rxf2 e3 0-1

[Event "Pankrac Cup 2016"]
[Site "Prague CZE"]
[Date "2016.10.11"]
[Round "4.12"]
[White "Prochazka, Dalibor"]
[Black "Gregor, Jiri"]
[Result "0-1"]
[BlackTitle "FM"]
[WhiteElo "2148"]
[BlackElo "2219"]
[WhiteFideId "310352"]
[BlackFideId "304638"]
[EventDate "2016.09.20"]

1. e4 c6 2. d4 d5 3. Nc3 b5 4. e5 b4 5. Nce2 e6 6. Nf3 Ba6 7. g3 Be7 8. h4 Nd7
9. Bh3 Qb6 10. O-O c5 11. c3 h6 12. Re1 g5 13. h5 f5 14. exf6 Ngxf6 15. dxc5
Nxc5 16. cxb4 Nd3 17. Be3 Qxb4 18. Bxe6 Nxe1 19. Qxe1 Qxe1+ 20. Rxe1 Bc8 21.
Ned4 Bxe6 22. Nxe6 Kd7 23. Bd4 Rhc8 24. Ng7 Ng4 25. Ne5+ Nxe5 26. Rxe5 Rc6 27.
Nf5 Bf6 28. Rxd5+ Ke6 29. Bxf6 Kxd5 30. Ne7+ Ke6 31. Nxc6 Kxf6 32. g4 a6 33. b3
Rc8 34. Nb4 a5 35. Nd5+ Ke5 36. Ne3 Kf4 37. Kg2 Rc1 38. Nc4 a4 39. Nb2 axb3 40.
axb3 Rb1 41. Nd3+ Kxg4 42. b4 Rb3 43. Ne5+ Kxh5 44. Nc6 g4 45. Nd4 Rxb4 46. Nf5
Kg5 47. Ng3 h5 48. Ne2 h4 49. Nc3 Rb2 50. Nd1 Rd2 51. Nc3 Kf4 52. Nb1 Rc2 53.
Na3 Ra2 54. Nb5 g3 0-1

[Event "Pankrac Cup 2016"]
[Site "Prague CZE"]
[Date "2016.10.18"]
[Round "5.2"]
[White "Svoboda, Svatopluk"]
[Black "Michalik, Peter"]
[Result "1/2-1/2"]
[WhiteTitle "FM"]
[BlackTitle "GM"]
[WhiteElo "2441"]
[BlackElo "2554"]
[WhiteFideId "14903563"]
[BlackFideId "14907526"]
[EventDate "2016.09.20"]

1. e4 e5 2. Nf3 Nc6 3. d4 exd4 4. Bc4 Nf6 5. e5 d5 6. Bb5 Ne4 7. Nxd4 Bd7 8.
Bxc6 bxc6 9. O-O Bc5 10. f3 Ng5 11. f4 Ne6 12. c3 f5 13. Be3 Bxd4 14. cxd4 c5
15. dxc5 d4 16. Bxd4 Bb5 17. Be3 Bxf1 18. Qxf1 O-O 19. Nc3 Qe7 20. Qc4 Rfd8 21.
c6 Rab8 22. Nd5 Qf7 23. b3 Nd4 24. Bxd4 Qxd5 25. Qxd5+ Rxd5 26. Bxa7 Ra8 27. Bf2
Rad8 28. Kf1 Kf7 29. a4 Rd1+ 30. Rxd1 Rxd1+ 31. Ke2 Rb1 32. a5 Rb2+ 33. Ke1 Ke6
34. Bb6 Kd5 35. Bxc7 Kxc6 36. Bd6 Rxb3 37. Be7 Rb8 38. Kf2 Rb3 39. Bd8 Kd5 40.
Bc7 h6 41. h4 g6 42. Ke2 Rb1 43. Kf3 Rh1 44. Bd8 Ke6 45. Kg3 Kd7 46. Bb6 1/2-1/2

[Event "Pankrac Cup 2016"]
[Site "Prague CZE"]
[Date "2016.10.18"]
[Round "5.3"]
[White "Cernousek, Lukas"]
[Black "Sodoma, Jan"]
[Result "0-1"]
[WhiteTitle "IM"]
[BlackTitle "IM"]
[WhiteElo "2494"]
[BlackElo "2346"]
[WhiteFideId "311707"]
[BlackFideId "323195"]
[EventDate "2016.09.20"]

1. d4 Nf6 2. c4 e6 3. Nc3 Bb4 4. Qc2 O-O 5. Nf3 c5 6. dxc5 Na6 7. g3 Nxc5 8. Bg2
Nce4 9. O-O Nxc3 10. bxc3 Be7 11. e4 d6 12. e5 dxe5 13. Nxe5 Nd7 14. Nxd7 Qxd7
15. Bf4 Bc5 16. Rfd1 Qe7 17. Qe4 a6 18. Qe5 Ra7 19. Qc7 Qxc7 20. Bxc7 b5 21. Bb8
Rd7 22. cxb5 axb5 23. Bf4 Rfd8 24. Rdb1 Rd3 25. Rxb5 Rxc3 26. Rb2 Ba6 27. a4 Ra3
28. Rxa3 Rd1+ 29. Bf1 Bxa3 30. Rb8+ Bf8 0-1

[Event "Pankrac Cup 2016"]
[Site "Prague CZE"]
[Date "2016.10.18"]
[Round "5.4"]
[White "Vykouk, Jan"]
[Black "Matras, Ondrej"]
[Result "1-0"]
[WhiteTitle "FM"]
[BlackTitle "FM"]
[WhiteElo "2428"]
[BlackElo "2241"]
[WhiteFideId "349658"]
[BlackFideId "309125"]
[EventDate "2016.09.20"]

1. e4 e6 2. d4 d5 3. Nd2 c5 4. exd5 Qxd5 5. Ngf3 cxd4 6. Bc4 Qd6 7. O-O Nf6 8.
Nb3 Nc6 9. Nbxd4 Nxd4 10. Nxd4 a6 11. Re1 Qc7 12. Bf1 Bd7 13. Qf3 O-O-O 14. Bf4
Bd6 15. Bxd6 Qxd6 16. Rad1 Qc7 17. Rd3 Kb8 18. Rc3 Qd6 19. Rb3 Bc8 20. Nc6+ Kc7
21. Nxd8 Rxd8 22. Rd3 Qe7 23. Qg3+ Kb6 24. Rxd8 Qxd8 25. Qxg7 Qd2 26. Qxf6 1-0

[Event "Pankrac Cup 2016"]
[Site "Prague CZE"]
[Date "2016.10.18"]
[Round "5.5"]
[White "Studnicka, Tomas"]
[Black "Svatos, Jan"]
[Result "0-1"]
[WhiteTitle "IM"]
[WhiteElo "2328"]
[BlackElo "2256"]
[WhiteFideId "318949"]
[BlackFideId "304174"]
[EventDate "2016.09.20"]

1. c4 Nf6 2. Nc3 e6 3. Nf3 d5 4. d4 Be7 5. Bf4 O-O 6. e3 Nbd7 7. Qc2 c6 8. Bd3
a6 9. c5 b6 10. cxb6 Qxb6 11. O-O Bb7 12. Na4 Qa7 13. Rfc1 Rac8 14. Nc5 Nxc5 15.
dxc5 a5 16. Be5 h6 17. a3 Nd7 18. Bd4 Ba6 19. b4 Bxd3 20. Qxd3 Rb8 21. e4 Qc7
22. Rab1 Rb5 23. Qc3 Bf6 24. e5 Be7 25. Be3 axb4 26. axb4 Rfb8 27. Nd4 R5b7 28.
f4 Bxc5 29. f5 Rxb4 30. Rxb4 Rxb4 31. fxe6 fxe6 32. Nxe6 Bxe3+ 33. Qxe3 Qxe5 34.
Qd2 Qxe6 0-1